000 00431nam a2200205Ia 4500
001 12840
003 GE_BSU
008 181216s||||||||xx |||||||||||||| ||und||
020 _a0747267626
040 _cGE_BSU
080 _a821.111-312.4
100 _aEvanovich,Janet.
245 _aHard Eight.
260 _aLondon.
260 _bHeadline.
260 _c2002
300 _a339p;18cm.
653 _aHard Eight.
942 _cBK
999 _c46010
_d46010